Logo BPK

Bibliografia Prac Pracowników

Politechniki Koszalińskiej

Własności warstw TiCxN1-x nanoszonych na podłoża stalowe trzema metodami PVD / (Rekord nr 9409)

Szczegóły MARC
000 -ETYKIETA REKORDU
podpole kontrolne o stałej długości 01226naa a2200193 i 4500
001 - NUMER KONTROLNY REKORDU
podpole kontrolne 9409
003 - IDENTYFIKATOR NUMERU KONTROLNEGO REKORDU
podpole kontrolne KOSZ 005
005 - DATA OSTATNIEJ MODYFIKACJI REKORDU
podpole kontrolne 20180328102505.0
008 - POLE O STAŁEJ DŁUGOŚCI - DANE KONTROLNE
podpole kontrolne o stałej długości 140512s1994 pl f |100 0 pol
040 ## - ŹRÓDŁO KATALOGOWANIA
Instytucja, która utworzyła rekord BPK
Instytucja, która dokonała modyfikacji KOSZ 005/EG
100 1# - NAZWA OSOBOWA
Nazwa osobowa PRECHT, Witold.
Lata pracy 1973 - 1996.
Instytucja Wyższa Szkoła Inżynierska w Koszalinie - Instytut Inżynierii Materiałowej,
Wydział Zakład Fizyki Ciała Stałego
245 10 - TYTUŁ/ODPOWIEDZIALNOŚĆ
Tytuł Własności warstw TiCxN1-x nanoszonych na podłoża stalowe trzema metodami PVD /
Pozostałe elementy strefy tytułu i oznaczenia odpowiedzialności W. Precht, A. Czyżniewski, A. Rylski, M. Pancielejko, W. Walkowiak.
655 #0 - TERMIN INDEKSOWY - OKREŚLENIE RODZAJU/FORMY DOKUMENTU
Określnie rodzaju/formy dokumentu Materiały konferencyjne.
700 1# - HASŁO DODATKOWE - NAZWA OSOBOWA
Nazwa osobowa CZYŻNIEWSKI, Andrzej.
Instytucja Wyższa Szkoła Inżynierska w Koszalinie - Wydział Mechaniczny,
Wydział Zakład Fizyki
Lata pracy 1975 - 1996.
700 1# - HASŁO DODATKOWE - NAZWA OSOBOWA
Nazwa osobowa PANCIELEJKO, Mieczysław.
Instytucja Wyższa Szkoła Inżynierska w Koszalinie - Wydział Mechaniczny,
Wydział Katedra Inżynierii Materiałowej
Lata pracy 1988 - 1996.
700 1# - HASŁO DODATKOWE - NAZWA OSOBOWA
Nazwa osobowa WALKOWIAK, Wiesław.
Instytucja Wyższa Szkoła Inżynierska - Wydział Mechaniczny,
Wydział Katedra Inżynierii Materiałowej
Lata pracy 1988 - 1996.
773 0# - TYTUŁ DOKUMENTU MACIERZYSTEGO
Wyrażenie wprowadzające W :
Tytuł Materiały I Ogólnopolskiej Konferencji Naukowej Łódź `94 "Nowoczesne Technologie w Inżynierii Powierzchni". -
Adres wydawniczy Łódź, 1994. -
Informacje dotyczące relacji s. 191-194
942 ## - HASŁO DODATKOWE - ELEMENTY(KOHA)
Typ dokumentu Rozdział
Schemat klasyfikacji Uniwersalna klasyfikacja dziesiętna

Brak dostępnych egzemplarzy.

© 2014 Biblioteka Politechniki Koszalińskiej :: BIBLIOGRAFIA PRAC PRACOWNIKÓW